La química en la escuela primaria / (Record no. 94788)
[ view plain ]
| 000 -LEADER | |
|---|---|
| campo de control de longitud fija | 00513nam a2200193 i 4500 |
| 001 - NÚMERO DE CONTROL | |
| campo de control | 94788 |
| 003 - IDENTIFICADOR DE NÚMERO DE CONTROL | |
| campo de control | ES-MaACL |
| 005 - FECHA Y HORA DE LA ÚLTIMA TRANSACCIÓN | |
| campo de control | 20230906181545.0 |
| 007 - CAMPO FIJO DE DESCRIPCIÓN FÍSICA--INFORMACIÓN GENERAL | |
| campo de control de longitud fija | t| |
| 008 - DATOS DE LONGITUD FIJA--INFORMACIÓN GENERAL | |
| campo de control de longitud fija | 050516s1913 sp ||||1| spa d |
| 100 1# - ENTRADA PRINCIPAL--NOMBRE DE PERSONA | |
| Nombre de persona | Lozano, Edmundo. |
| 9 (RLIN) | 74415 |
| 245 13 - MENCIÓN DEL TÍTULO | |
| Título | La química en la escuela primaria / |
| Mención de responsabilidad, etc. | Edmundo Lozano. |
| 250 ## - MENCION DE EDICION | |
| Mención de edición | 2ª ed. |
| 260 ## - PUBLICACIÓN, DISTRIBUCIÓN, ETC. | |
| Lugar de publicación, distribución, etc. | Madrid : |
| Nombre del editor, distribuidor, etc. | R. Rojas, |
| Fecha de publicación, distribución, etc. | 1913. |
| 490 1# - MENCIÓN DE SERIE | |
| Mención de serie | Museo Pedagógico |
| 830 0# - PUNTO DE ACCESO ADICIONAL DE SERIE-TÍTULO UNIFORME | |
| Título uniforme | Museo Pedagógico |
| 9 (RLIN) | 232160 |
| 852 ## - LOCALIZACIÓN | |
| Ubicación | ES-MaACL |
| Número de control de estantería | 1509-F-3 |
| Estatus retirado | Estado de pérdida | Estado de daño | No para préstamo | Colección | Biblioteca de origen | Biblioteca actual | Ubicación en estantería | Fecha de adquisición | Fuente de adquisición | Total de préstamos | Signatura topográfica completa | Código de barras | Visto por última vez | Precio de reemplazo | Tipo de ítem Koha |
|---|---|---|---|---|---|---|---|---|---|---|---|---|---|---|---|
| Colección de folletos | Biblioteca del Ateneo de Madrid | Biblioteca del Ateneo de Madrid | Depósito folletos | 17/01/2008 | 1509-F-3 | 1098991 | 23/02/2023 | 23/02/2023 | Folleto |
